[Event "V Open Escacs Xàtiva"]
[Site "Xàtiva, Spain"]
[Date "2019.07.18"]
[Round "5.13"]
[White "Ulla Centelles, Llorens"]
[Black "Kocharyan Baghdasaryan, Arman"]
[Result "1-0"]
[WhiteElo "1274"]
[BlackElo "1620"]
[PlyCount "45"]
[EventDate "2019.??.??"]

1. e4 {[%clk 01:30:47]  [%emt 00:00:12]} 1... c5 {
[%clk 01:30:19]  [%emt 00:00:42]} 2. d3 {[%clk 01:27:42]  [%emt 00:03:25]} 2...
Nc6 {[%clk 01:30:32]  [%emt 00:00:26]} 3. Nf3 {[%clk 01:27:40]  [%emt 00:00:22]
} 3... e6 {[%clk 01:30:51]  [%emt 00:00:22]} 4. Nc3 {
[%clk 01:27:25]  [%emt 00:00:35]} 4... Nf6 {[%clk 01:31:11]  [%emt 00:00:20]}
5. Be2 {[%clk 01:27:22]  [%emt 00:00:23]} 5... d5 {
[%clk 01:31:29]  [%emt 00:00:22]} 6. exd5 {[%clk 01:27:33]  [%emt 00:00:18]}
6... exd5 {[%clk 01:31:39]  [%emt 00:00:20]} 7. O-O {
[%clk 01:27:39]  [%emt 00:00:18]} 7... Bd6 {[%clk 01:29:41]  [%emt 00:02:34]}
8. Bg5 {[%clk 01:27:40]  [%emt 00:00:22]} 8... Be6 {
[%clk 01:29:49]  [%emt 00:00:29]} 9. d4 {[%clk 01:27:25]  [%emt 00:00:36]} 9...
Qd7 {[%clk 01:15:51]  [%emt 00:14:37]} 10. Bb5 {
[%clk 01:26:48]  [%emt 00:00:59]} 10... a6 {[%clk 01:11:03]  [%emt 00:05:27]}
11. Ne5 {[%clk 01:26:29]  [%emt 00:00:37]} 11... Qc7 {
[%clk 01:11:17]  [%emt 00:00:27]} 12. Bxc6+ {[%clk 01:26:15]  [%emt 00:00:35]}
12... bxc6 {[%clk 01:11:44]  [%emt 00:00:12]} 13. f4 {
[%clk 01:26:10]  [%emt 00:00:27]} 13... Qb6 {[%clk 01:00:51]  [%emt 00:11:31]}
14. Na4 {[%clk 01:26:07]  [%emt 00:00:26]} 14... Qb5 {
[%clk 00:59:52]  [%emt 00:01:35]} 15. Nxc5 {[%clk 01:26:00]  [%emt 00:00:32]}
15... Bxc5 {[%clk 00:59:50]  [%emt 00:00:39]} 16. dxc5 {
[%clk 01:26:17]  [%emt 00:00:12]} 16... Qxc5+ {[%clk 01:00:08]  [%emt 00:00:12]
} 17. Kh1 {[%clk 01:26:23]  [%emt 00:00:18]} 17... Ne4 {
[%clk 00:59:24]  [%emt 00:01:19]} 18. Qe2 {[%clk 01:25:42]  [%emt 00:01:00]}
18... h5 {[%clk 00:53:49]  [%emt 00:06:16]} 19. Nd3 {
[%clk 01:25:36]  [%emt 00:00:28]} 19... Qb6 {[%clk 00:53:09]  [%emt 00:01:17]}
20. f5 {[%clk 01:25:39]  [%emt 00:00:21]} 20... Nxg5 {
[%clk 00:52:25]  [%emt 00:01:22]} 21. fxe6 {[%clk 01:25:45]  [%emt 00:00:16]}
21... fxe6 {[%clk 00:45:56]  [%emt 00:07:08]} 22. Qe5 {
[%clk 01:25:45]  [%emt 00:00:13]} 22... Qd8 {[%clk 00:44:38]  [%emt 00:02:04]}
23. Rf5 {[%clk 01:25:14]  [%emt 00:00:51]} 1-0

[Event "V Open Escacs Xàtiva"]
[Site "Xàtiva, Spain"]
[Date "2019.07.18"]
[Round "5.14"]
[White "Ramirez Aucejo, Hector"]
[Black "Wu, Yugong"]
[Result "1/2-1/2"]
[WhiteElo "1686"]
[BlackElo "1404"]
[PlyCount "99"]
[EventDate "2019.??.??"]

1. e4 {[%clk 01:30:23]  [%emt 00:00:36]} 1... e5 {
[%clk 01:30:51]  [%emt 00:00:09]} 2. Nf3 {[%clk 01:30:52]} 2... Nc6 {
[%clk 01:31:14]  [%emt 00:00:08]} 3. d4 {[%clk 01:31:18]  [%emt 00:00:04]} 3...
exd4 {[%clk 01:31:38]  [%emt 00:00:05]} 4. Nxd4 {
[%clk 01:31:46]  [%emt 00:00:03]} 4... Bc5 {[%clk 01:32:01]  [%emt 00:00:07]}
5. Nb3 {[%clk 01:32:14]  [%emt 00:00:03]} 5... Bb6 {
[%clk 01:32:25]  [%emt 00:00:06]} 6. Qe2 {[%clk 01:32:36]  [%emt 00:00:07]}
6... Nge7 {[%clk 01:30:07]  [%emt 00:02:48]} 7. Nc3 {
[%clk 01:32:32]  [%emt 00:00:35]} 7... d6 {[%clk 01:29:38]  [%emt 00:00:58]} 8.
Be3 {[%clk 01:31:57]  [%emt 00:01:05]} 8... Bxe3 {
[%clk 01:28:30]  [%emt 00:01:39]} 9. Qxe3 {[%clk 01:32:24]  [%emt 00:00:02]}
9... a5 {[%clk 01:27:14]  [%emt 00:01:46]} 10. a3 {
[%clk 01:25:55]  [%emt 00:07:00]} 10... Bd7 {[%clk 01:23:55]  [%emt 00:03:49]}
11. Be2 {[%clk 01:20:40]  [%emt 00:05:45]} 11... O-O {
[%clk 01:23:29]  [%emt 00:00:54]} 12. g4 {[%clk 01:14:56]  [%emt 00:06:15]}
12... Re8 {[%clk 01:18:08]  [%emt 00:05:51]} 13. O-O-O {
[%clk 01:04:35]  [%emt 00:10:52]} 13... a4 {[%clk 01:05:23]  [%emt 00:13:15]}
14. Nd4 {[%clk 01:03:46]  [%emt 00:01:19]} 14... Nxd4 {
[%clk 01:05:26]  [%emt 00:00:27]} 15. Qxd4 {[%clk 01:02:07]  [%emt 00:02:09]}
15... Qb8 {[%clk 01:05:08]  [%emt 00:00:44]} 16. f4 {
[%clk 00:46:52]  [%emt 00:15:50]} 16... b5 {[%clk 00:57:44]  [%emt 00:07:53]}
17. f5 {[%clk 00:30:29]  [%emt 00:16:53]} 17... Nc6 {
[%clk 00:56:13]  [%emt 00:02:01]} 18. Qe3 {[%clk 00:29:05]  [%emt 00:01:53]}
18... b4 {[%clk 00:53:25]  [%emt 00:03:19]} 19. axb4 {
[%clk 00:27:34]  [%emt 00:02:01]} 19... Qxb4 {[%clk 00:52:54]  [%emt 00:01:01]}
20. Nd5 {[%clk 00:27:41]  [%emt 00:00:23]} 20... Qxe4 {
[%clk 00:37:07]  [%emt 00:16:17]} 21. Qxe4 {[%clk 00:27:44]  [%emt 00:00:27]}
21... Rxe4 {[%clk 00:37:35]  [%emt 00:00:02]} 22. Bf3 {
[%clk 00:28:01]  [%emt 00:00:13]} 22... Rc4 {[%clk 00:36:01]  [%emt 00:02:04]}
23. Nxc7 {[%clk 00:23:36]  [%emt 00:04:56]} 23... Rc8 {
[%clk 00:35:42]  [%emt 00:00:47]} 24. Nb5 {[%clk 00:20:23]  [%emt 00:03:44]}
24... Ne5 {[%clk 00:29:56]  [%emt 00:06:16]} 25. Nxd6 {
[%clk 00:19:24]  [%emt 00:01:29]} 25... Rxc2+ {[%clk 00:29:00]  [%emt 00:01:26]
} 26. Kb1 {[%clk 00:19:48]  [%emt 00:00:07]} 26... R8c7 {
[%clk 00:27:32]  [%emt 00:01:58]} 27. Bd5 {[%clk 00:11:25]  [%emt 00:08:52]}
27... Kf8 {[%clk 00:26:38]  [%emt 00:01:22]} 28. h3 {
[%clk 00:10:46]  [%emt 00:01:11]} 28... Re2 {[%clk 00:21:36]  [%emt 00:05:32]}
29. Rhe1 {[%clk 00:09:15]  [%emt 00:02:01]} 29... Rcc2 {
[%clk 00:21:14]  [%emt 00:00:50]} 30. Rxe2 {[%clk 00:09:19]  [%emt 00:00:28]}
30... Rxe2 {[%clk 00:21:42]  [%emt 00:00:02]} 31. Bxf7 {
[%clk 00:06:06]  [%emt 00:03:43]} 31... Nxf7 {[%clk 00:20:52]  [%emt 00:01:20]}
32. Nxf7 {[%clk 00:06:34]  [%emt 00:00:02]} 32... Bxf5+ {
[%clk 00:20:59]  [%emt 00:00:22]} 33. gxf5 {[%clk 00:02:26]  [%emt 00:04:39]}
33... Kxf7 {[%clk 00:21:27]  [%emt 00:00:02]} 34. Rd4 {
[%clk 00:02:41]  [%emt 00:00:15]} 34... Re3 {[%clk 00:19:47]  [%emt 00:02:10]}
35. h4 {[%clk 00:02:35]  [%emt 00:00:36]} 35... a3 {
[%clk 00:16:23]  [%emt 00:03:55]} 36. b4 {[%clk 00:02:12]  [%emt 00:00:53]}
36... Kf6 {[%clk 00:16:08]  [%emt 00:00:45]} 37. Ka2 {
[%clk 00:02:19]  [%emt 00:00:23]} 37... Kxf5 {[%clk 00:16:06]  [%emt 00:00:31]}
38. b5 {[%clk 00:01:48]  [%emt 00:01:01]} 38... Re7 {
[%clk 00:10:52]  [%emt 00:05:44]} 39. Kxa3 {[%clk 00:01:53]  [%emt 00:00:26]}
39... h6 {[%clk 00:10:31]  [%emt 00:00:50]} 40. Rd5+ {
[%clk 00:01:20]  [%emt 00:01:03]} 40... Kg4 {[%clk 00:10:34]  [%emt 00:00:27]}
41. h5 {[%clk 00:01:37]  [%emt 00:00:13]} 41... Re6 {
[%clk 00:07:56]  [%emt 00:03:08]} 42. Kb4 {[%clk 00:01:02]  [%emt 00:01:05]}
42... g5 {[%clk 00:07:44]  [%emt 00:00:42]} 43. hxg6 {
[%clk 00:01:25]  [%emt 00:00:07]} 43... Rxg6 {[%clk 00:08:09]  [%emt 00:00:05]}
44. Kc5 {[%clk 00:01:04]  [%emt 00:00:51]} 44... h5 {
[%clk 00:08:13]  [%emt 00:00:27]} 45. b6 {[%clk 00:01:17]  [%emt 00:00:17]}
45... h4 {[%clk 00:06:53]  [%emt 00:01:49]} 46. b7 {
[%clk 00:01:12]  [%emt 00:00:35]} 46... Rg8 {[%clk 00:07:16]  [%emt 00:00:06]}
47. Rd1 {[%clk 00:01:06]  [%emt 00:00:37]} 47... Rb8 {
[%clk 00:07:24]  [%emt 00:00:22]} 48. Kb6 {[%clk 00:01:06]  [%emt 00:00:31]}
48... h3 {[%clk 00:06:04]  [%emt 00:01:50]} 49. Ka7 {
[%clk 00:01:01]  [%emt 00:00:35]} 49... Rxb7+ {[%clk 00:06:26]  [%emt 00:00:09]
} 50. Kxb7 {[%clk 00:01:29]  [%emt 00:00:02]} 1/2-1/2

[Event "V Open Escacs Xàtiva"]
[Site "Xàtiva, Spain"]
[Date "2019.07.18"]
[Round "5.15"]
[White "Torres Cano, Ximo"]
[Black "Simon Morales, Miguel Angel"]
[Result "1-0"]
[WhiteElo "1187"]
[BlackElo "1418"]
[PlyCount "69"]
[EventDate "2019.??.??"]

1. e4 {[%clk 01:30:58]  [%emt 00:00:04]} 1... c5 {
[%clk 01:30:38]  [%emt 00:00:12]} 2. Nf3 {[%clk 01:31:17]  [%emt 00:00:11]}
2... d6 {[%clk 01:30:52]  [%emt 00:00:19]} 3. c3 {
[%clk 01:31:08]  [%emt 00:00:37]} 3... Nf6 {[%clk 01:30:32]  [%emt 00:00:50]}
4. Be2 {[%clk 01:31:16]  [%emt 00:00:26]} 4... Nxe4 {
[%clk 01:29:58]  [%emt 00:01:02]} 5. Qa4+ {[%clk 01:31:35]  [%emt 00:00:08]}
5... Bd7 {[%clk 01:29:24]  [%emt 00:01:10]} 6. Qxe4 {
[%clk 01:31:50]  [%emt 00:00:09]} 6... Bc6 {[%clk 01:29:42]  [%emt 00:00:16]}
7. Qc2 {[%clk 01:31:28]  [%emt 00:01:04]} 7... e5 {
[%clk 01:29:13]  [%emt 00:00:43]} 8. d3 {[%clk 01:29:11]  [%emt 00:02:48]} 8...
Be7 {[%clk 01:27:42]  [%emt 00:02:03]} 9. b4 {[%clk 01:25:23]  [%emt 00:04:34]}
9... Nd7 {[%clk 01:23:20]  [%emt 00:04:35]} 10. a4 {
[%clk 01:17:12]  [%emt 00:08:55]} 10... cxb4 {[%clk 01:20:51]  [%emt 00:02:44]}
11. cxb4 {[%clk 01:16:55]  [%emt 00:00:49]} 11... Rc8 {
[%clk 01:20:48]  [%emt 00:00:31]} 12. Qd2 {[%clk 01:14:03]  [%emt 00:03:27]}
12... Qc7 {[%clk 01:16:33]  [%emt 00:04:45]} 13. Nc3 {
[%clk 01:13:54]  [%emt 00:00:38]} 13... Bxf3 {[%clk 01:15:53]  [%emt 00:01:39]}
14. Bxf3 {[%clk 01:11:06]  [%emt 00:02:56]} 14... Qxc3 {[%emt 00:00:11]} 15.
Qxc3 {[%emt 00:00:54]} 15... Rxc3 {[%clk 01:15:17]} 16. Bxb7 {
[%clk 01:07:29]  [%emt 00:03:59]} 16... O-O {[%clk 01:12:54]  [%emt 00:02:53]}
17. Ba6 {[%clk 01:04:11]  [%emt 00:04:07]} 17... Nb8 {
[%clk 00:55:29]  [%emt 00:17:36]} 18. Bb5 {[%clk 01:03:14]  [%emt 00:01:26]}
18... a6 {[%clk 00:54:50]  [%emt 00:01:09]} 19. Bc4 {
[%clk 01:03:04]  [%emt 00:00:41]} 19... Rc2 {[%clk 00:47:28]  [%emt 00:08:11]}
20. O-O {[%clk 01:02:44]  [%emt 00:00:30]} 20... Nc6 {
[%clk 00:40:23]  [%emt 00:07:35]} 21. Rb1 {[%clk 00:59:43]  [%emt 00:03:31]}
21... Nd4 {[%clk 00:29:15]  [%emt 00:11:51]} 22. b5 {
[%clk 00:57:17]  [%emt 00:02:56]} 22... axb5 {[%clk 00:28:49]  [%emt 00:00:43]}
23. axb5 {[%clk 00:57:10]  [%emt 00:02:52]} 23... Rb8 {
[%clk 00:24:33]  [%emt 00:02:33]} 24. Be3 {[%clk 00:53:39]  [%emt 00:04:25]}
24... Bd8 {[%clk 00:21:42]  [%emt 00:02:56]} 25. f4 {
[%clk 00:45:51]  [%emt 00:08:17]} 25... Bb6 {[%clk 00:17:39]  [%emt 00:04:33]}
26. Kh1 {[%clk 00:44:24]  [%emt 00:01:57]} 26... e4 {
[%clk 00:14:20]  [%emt 00:04:30]} 27. Bd5 {[%clk 00:41:56]  [%emt 00:02:17]}
27... exd3 {[%clk 00:11:44]  [%emt 00:03:32]} 28. Rfd1 {
[%clk 00:40:58]  [%emt 00:01:20]} 28... Rbc8 {[%clk 00:08:21]  [%emt 00:03:39]}
29. Rxd3 {[%clk 00:39:45]  [%emt 00:01:53]} 29... R2c3 {
[%clk 00:03:39]  [%emt 00:05:05]} 30. Be4 {[%clk 00:39:19]  [%emt 00:00:48]}
30... Rxd3 {[%clk 00:02:15]  [%emt 00:02:15]} 31. Bxd3 {[%clk 00:39:37]} 31...
Bc5 {[%clk 00:01:16]  [%emt 00:01:25]} 32. Rc1 {
[%clk 00:38:50]  [%emt 00:01:13]} 32... Ra8 {[%clk 00:00:41]  [%emt 00:01:06]}
33. h3 {[%clk 00:38:21]  [%emt 00:01:00]} 33... Nf5 {
[%clk 00:00:55]  [%emt 00:00:23]} 34. Bxc5 {[%clk 00:38:39]  [%emt 00:00:08]}
34... dxc5 {[%clk 00:00:35]  [%emt 00:01:21]} 35. Bxf5 {[%clk 00:38:46]} 1-0

[Event "V Open Escacs Xàtiva"]
[Site "Xàtiva, Spain"]
[Date "2019.07.18"]
[Round "5.16"]
[White "Ferrando Garcia, German"]
[Black "Albuixech Soler, Jordi"]
[Result "0-1"]
[WhiteElo "1410"]
[BlackElo "1330"]
[PlyCount "104"]
[EventDate "2019.??.??"]

1. d4 {[%clk 01:24:49]  [%emt 00:06:09]} 1... d5 {
[%clk 01:30:51]  [%emt 00:00:31]} 2. c4 {[%clk 01:25:15]  [%emt 00:00:03]} 2...
c6 {[%clk 01:31:14]} 3. Nc3 {[%clk 01:24:31]  [%emt 00:01:01]} 3... Nf6 {
[%clk 01:30:46]  [%emt 00:01:36]} 4. Nf3 {[%clk 01:24:30]  [%emt 00:00:09]}
4... Bf5 {[%clk 01:30:26]  [%emt 00:00:36]} 5. Bg5 {
[%clk 01:24:21]  [%emt 00:00:36]} 5... dxc4 {[%clk 01:29:41]  [%emt 00:01:19]}
6. Bxf6 {[%clk 01:24:31]  [%emt 00:00:18]} 6... exf6 {
[%clk 01:29:24]  [%emt 00:00:46]} 7. e4 {[%clk 01:24:49]  [%emt 00:00:25]} 7...
Bg4 {[%clk 01:28:46]  [%emt 00:01:30]} 8. Bxc4 {
[%clk 01:24:34]  [%emt 00:00:16]} 8... Bd6 {[%clk 01:24:59]  [%emt 00:04:10]}
9. Qb3 {[%clk 01:23:20]  [%emt 00:02:08]} 9... Qc7 {
[%clk 01:21:58]  [%emt 00:03:07]} 10. Rc1 {[%clk 01:22:28]  [%emt 00:01:23]}
10... Bxf3 {[%clk 01:08:42]  [%emt 00:13:47]} 11. gxf3 {
[%clk 01:22:18]  [%emt 00:00:48]} 11... O-O {[%clk 01:09:05]} 12. h4 {
[%clk 01:21:05]  [%emt 00:01:40]} 12... b5 {[%clk 01:08:46]  [%emt 00:01:11]}
13. Nxb5 {[%clk 01:21:06]  [%emt 00:00:13]} 13... cxb5 {
[%clk 01:09:04]  [%emt 00:00:14]} 14. Bd5 {[%clk 01:21:20]  [%emt 00:00:08]}
14... Qxc1+ {[%clk 01:09:06]  [%emt 00:00:35]} 15. Qd1 {
[%clk 01:21:34]  [%emt 00:00:09]} 15... Bb4+ {[%clk 01:08:08]  [%emt 00:01:26]}
16. Ke2 {[%clk 01:21:00]  [%emt 00:01:05]} 16... Qxb2+ {
[%clk 01:08:32]  [%emt 00:00:22]} 17. Kf1 {[%clk 01:21:01]  [%emt 00:00:20]}
17... Nd7 {[%clk 01:08:40]  [%emt 00:00:15]} 18. Bxa8 {
[%clk 01:20:40]  [%emt 00:00:51]} 18... Rxa8 {[%clk 01:09:00]  [%emt 00:00:31]}
19. Qd3 {[%clk 01:20:30]  [%emt 00:00:22]} 19... Qc1+ {
[%clk 01:08:25]  [%emt 00:01:02]} 20. Kg2 {[%clk 01:20:52]  [%emt 00:00:35]}
20... Qc4 {[%clk 01:08:41]  [%emt 00:00:04]} 21. Qb1 {
[%clk 01:19:52]  [%emt 00:01:14]} 21... Rc8 {[%clk 01:08:34]  [%emt 00:00:36]}
22. h5 {[%clk 01:14:55]  [%emt 00:05:34]} 22... h6 {
[%clk 00:58:08]  [%emt 00:10:55]} 23. d5 {[%clk 01:11:01]  [%emt 00:04:18]}
23... a5 {[%clk 00:56:01]  [%emt 00:02:38]} 24. Qa1 {
[%clk 01:10:37]  [%emt 00:00:54]} 24... Qc3 {[%clk 00:55:55]  [%emt 00:00:36]}
25. Qf1 {[%clk 01:10:38]  [%emt 00:00:28]} 25... Ne5 {
[%clk 00:55:34]  [%emt 00:00:59]} 26. Rh3 {[%clk 01:09:20]  [%emt 00:01:43]}
26... Qd3 {[%clk 00:55:26]  [%emt 00:00:35]} 27. Qa1 {
[%clk 01:08:35]  [%emt 00:01:17]} 27... Rc3 {[%clk 00:53:16]  [%emt 00:02:37]}
28. Rg3 {[%clk 01:06:38]  [%emt 00:02:31]} 28... Qd2 {
[%clk 00:52:26]  [%emt 00:01:17]} 29. Qf1 {[%clk 01:05:24]  [%emt 00:01:43]}
29... Rc2 {[%clk 00:50:13]  [%emt 00:02:44]} 30. Qg1 {
[%clk 00:59:25]  [%emt 00:06:54]} 30... Nd3 {[%clk 00:40:39]  [%emt 00:09:40]}
31. Kh1 {[%clk 00:55:53]  [%emt 00:04:14]} 31... Nxf2+ {
[%clk 00:40:56]  [%emt 00:00:07]} 32. Kg2 {[%clk 00:54:24]  [%emt 00:01:52]}
32... Nxe4+ {[%clk 00:41:10]  [%emt 00:00:32]} 33. Kh3 {
[%clk 00:54:35]  [%emt 00:00:12]} 33... Nxg3 {[%clk 00:40:55]  [%emt 00:00:34]}
34. Qxg3 {[%clk 00:54:51]  [%emt 00:00:18]} 34... Qf2 {
[%clk 00:39:46]  [%emt 00:01:46]} 35. Qb8+ {[%clk 00:54:21]  [%emt 00:01:08]}
35... Bf8 {[%clk 00:40:04]  [%emt 00:00:21]} 36. Kg4 {
[%clk 00:53:21]  [%emt 00:01:38]} 36... Rc4+ {[%clk 00:38:52]  [%emt 00:01:53]}
37. f4 {[%clk 00:52:33]  [%emt 00:02:01]} 37... Qg2+ {[%clk 00:38:40]} 38. Kh4
{[%clk 00:51:55]  [%emt 00:00:27]} 38... Qxd5 {[%clk 00:38:47]  [%emt 00:00:39]
} 39. Kg4 {[%clk 00:50:58]  [%emt 00:01:09]} 39... Rxf4+ {
[%clk 00:38:59]  [%emt 00:00:17]} 40. Qxf4 {[%clk 00:51:07]  [%emt 00:00:19]}
40... Qg5+ {[%clk 00:39:21]  [%emt 00:00:18]} 41. Kf3 {
[%clk 00:50:47]  [%emt 00:00:42]} 41... Qxf4+ {[%clk 00:39:43]  [%emt 00:00:08]
} 42. Kxf4 {[%clk 00:50:53]  [%emt 00:00:21]} 42... g6 {
[%clk 00:40:00]  [%emt 00:00:39]} 43. Kg4 {[%clk 00:50:16]  [%emt 00:00:44]}
43... a4 {[%clk 00:40:17]  [%emt 00:00:24]} 44. hxg6 {
[%clk 00:49:22]  [%emt 00:01:12]} 44... fxg6 {[%clk 00:40:36]  [%emt 00:00:14]}
45. Kf4 {[%clk 00:49:43]  [%emt 00:00:13]} 45... h5 {
[%clk 00:40:53]  [%emt 00:00:06]} 46. Kg3 {[%clk 00:49:41]  [%emt 00:00:32]}
46... b4 {[%clk 00:41:15]  [%emt 00:00:13]} 47. Kf3 {
[%clk 00:49:35]  [%emt 00:00:46]} 47... b3 {[%clk 00:41:36]} 48. axb3 {
[%clk 00:49:58]  [%emt 00:00:10]} 48... axb3 {[%clk 00:41:56]  [%emt 00:00:08]}
49. Ke4 {[%clk 00:49:43]  [%emt 00:00:44]} 49... b2 {
[%clk 00:42:18]  [%emt 00:00:03]} 50. Kd5 {[%clk 00:50:07]  [%emt 00:00:08]}
50... b1=Q {[%clk 00:42:34]  [%emt 00:00:15]} 51. Ke6 {
[%clk 00:50:32]  [%emt 00:00:04]} 51... h4 {[%clk 00:42:36]  [%emt 00:00:25]}
52. Kxf6 {[%clk 00:50:42]  [%emt 00:00:20]} 52... Qf5# {
[%clk 00:42:41]  [%emt 00:00:33]} 0-1

[Event "V Open Escacs Xàtiva"]
[Site "Xàtiva, Spain"]
[Date "2019.07.18"]
[Round "5.17"]
[White "Martinez Sanchis, Xavier"]
[Black "Moreno Gonzalez, Pablo"]
[Result "0-1"]
[WhiteElo "1157"]
[BlackElo "1688"]
[PlyCount "52"]
[EventDate "2019.??.??"]

1. e4 {[%clk 01:30:58]  [%emt 00:00:09]} 1... e5 {
[%clk 01:30:36]  [%emt 00:00:21]} 2. Nf3 {[%clk 01:31:23]  [%emt 00:00:07]}
2... f5 {[%clk 01:30:45]  [%emt 00:00:20]} 3. Nc3 {
[%clk 01:30:35]  [%emt 00:01:14]} 3... Nc6 {[%clk 01:31:01]  [%emt 00:00:37]}
4. d4 {[%clk 01:25:03]  [%emt 00:05:39]} 4... fxe4 {
[%clk 01:23:12]  [%emt 00:08:19]} 5. Nxe5 {[%clk 01:23:53]  [%emt 00:01:49]}
5... Nf6 {[%clk 01:22:53]  [%emt 00:00:45]} 6. Nxc6 {
[%clk 01:21:11]  [%emt 00:03:19]} 6... bxc6 {[%clk 01:23:03]  [%emt 00:00:09]}
7. Bg5 {[%clk 01:20:46]  [%emt 00:00:54]} 7... d5 {
[%clk 01:22:38]  [%emt 00:01:18]} 8. f3 {[%clk 01:19:40]  [%emt 00:01:24]} 8...
exf3 {[%clk 01:22:14]  [%emt 00:01:22]} 9. Qxf3 {
[%clk 01:19:49]  [%emt 00:00:40]} 9... Be7 {[%clk 01:22:22]} 10. Bxf6 {
[%clk 01:16:44]  [%emt 00:03:27]} 10... Bxf6 {[%clk 01:22:34]} 11. O-O-O {
[%clk 01:17:02]  [%emt 00:00:14]} 11... O-O {[%clk 01:22:39]  [%emt 00:00:15]}
12. Qh5 {[%clk 01:15:14]  [%emt 00:02:38]} 12... Bf5 {
[%clk 01:19:03]  [%emt 00:03:59]} 13. Bd3 {[%clk 01:13:52]  [%emt 00:01:38]}
13... Bxd3 {[%clk 01:16:41]  [%emt 00:03:02]} 14. Rxd3 {
[%clk 01:14:14]  [%emt 00:00:03]} 14... g6 {[%clk 01:13:27]  [%emt 00:03:40]}
15. Qg4 {[%clk 00:59:54]  [%emt 00:14:50]} 15... Bg5+ {
[%clk 01:10:43]  [%emt 00:03:13]} 16. Kd1 {[%clk 00:59:52]  [%emt 00:00:37]}
16... Kg7 {[%clk 01:07:26]  [%emt 00:04:15]} 17. Re1 {
[%clk 00:58:06]  [%emt 00:02:16]} 17... Bf6 {[%clk 01:02:35]  [%emt 00:05:21]}
18. Rf3 {[%clk 00:56:30]  [%emt 00:01:32]} 18... Qd6 {
[%clk 00:52:42]  [%emt 00:10:30]} 19. g3 {[%clk 00:55:42]  [%emt 00:01:11]}
19... Rae8 {[%clk 00:45:51]  [%emt 00:07:21]} 20. Rfe3 {
[%clk 00:54:36]  [%emt 00:01:36]} 20... Rxe3 {[%clk 00:45:08]  [%emt 00:01:44]}
21. Rxe3 {[%clk 00:55:02]} 21... Qb4 {[%clk 00:44:53]  [%emt 00:00:27]} 22.
Qd7+ {[%clk 00:43:55]  [%emt 00:11:44]} 22... Rf7 {[%clk 00:45:06]} 23. Qxc6 {
[%clk 00:43:37]  [%emt 00:00:50]} 23... Qxd4+ {[%clk 00:44:08]  [%emt 00:01:29]
} 24. Rd3 {[%clk 00:43:40]  [%emt 00:00:42]} 24... Qg1+ {
[%clk 00:43:53]  [%emt 00:00:27]} 25. Kd2 {[%clk 00:40:07]  [%emt 00:04:22]}
25... Bg5+ {[%clk 00:43:43]  [%emt 00:00:48]} 26. Ke2 {
[%clk 00:40:02]  [%emt 00:01:08]} 26... Qf1# {[%clk 00:43:36]} 0-1